運転免許 種類クイズ - Statistics

General Stats
  • This quiz has been taken 70 times
  • The average score is 10 of 15
Answer Stats
Answer % Correct
大型自動車第一種運転免許
97%
普通自動車第一種運転免許
93%
中型自動車第一種運転免許
90%
普通自動車第二種運転免許
78%
大型自動二輪車運転免許
77%
大型自動車第二種運転免許
77%
大型特殊自動車第一種運転免許
75%
原動機付自転車運転免許
70%
準中型自動車運転免許
67%
中型自動車第二種運転免許
63%
牽引自動車第一種運転免許
60%
小型特殊自動車運転免許
58%
普通自動二輪車運転免許
48%
大型特殊自動車第二種運転免許
47%
牽引自動車第二種運転免許
38%
No matching quizzes found
Score Distribution
Percent of People with Each Score
Percentile by Number Answered
Your Score History
You have not taken this quiz